Programming collective intelligence : building smart web 2.0 applications (Record no. 183412)

MARC details
000 -LEADER
fixed length control field 00413nam a2200145Ia 4500
005 - DATE AND TIME OF LATEST TRANSACTION
control field 20250318161120.0
008 - FIXED-LENGTH DATA ELEMENTS--GENERAL INFORMATION
fixed length control field 231217s9999 xx 000 0 und d
020 ## - INTERNATIONAL STANDARD BOOK NUMBER
International Standard Book Number 9788184043709
082 ## - DEWEY DECIMAL CLASSIFICATION NUMBER
Classification number 303.4833 SEG;5
100 ## - MAIN ENTRY--PERSONAL NAME
Personal name Segaran, Toby.
245 #0 - TITLE STATEMENT
Title Programming collective intelligence : building smart web 2.0 applications
260 ## - PUBLICATION, DISTRIBUTION, ETC. (IMPRINT)
Date of publication, distribution, etc. 2007
Name of publisher, distributor, etc. SPD Publishers
Place of publication, distribution, etc. Bangalore
300 ## - PHYSICAL DESCRIPTION
Extent xxi, 334
942 ## - ADDED ENTRY ELEMENTS (KOHA)
Koha item type Books
Holdings
Date last seen Total Checkouts Full call number Accession number Old discount Cost, replacement price Price effective from Category Lost status Damaged status Department Withdrawn status bill no. bill date Permanent Location Current Location Shelving location Entry date Vendor Cost, normal purchase price Grants Currency symbol Conversion rate Discount Discount type
26/01/2024   303.4833 SEG;5 54737 20 300.00 26/01/2024 Books     CS   12 26/01/2013 Central Library Central Library Central Library 07/07/2009 Sapna Book House 375.00 CS RS 1 75 Rupees

© For any Suggestions or Query, please contact the library staff @ librarian@pes.edu or Phone: +9180 2672 1983/ 2108.